[Event "24th ch-EUR Indiv w 2024"]
[Site "Rhodes GRE"]
[Date "2024.04.29"]
[Round "10.5"]
[White "Melia, Salome"]
[Black "Javakhishvili, Lela"]
[Result "0-1"]
[WhiteTitle "IM"]
[BlackTitle "IM"]
[WhiteElo "2322"]
[BlackElo "2447"]
[WhiteFideId "13602446"]
[BlackFideId "13601458"]
[EventDate "2024.04.19"]

1. e4 c5 2. Nf3 e6 3. d4 cxd4 4. Nxd4 Nc6 5. Nc3 Qc7 6. Be3 a6 7. Qf3 Nf6 8.
O-O-O Ne5 9. Qg3 b5 10. f4 Neg4 11. Bg1 h5 12. e5 b4 13. Na4 Nd5 14. h3 Nh6 15.
f5 Bb7 16. Bd3 Be7 17. Kb1 h4 18. Qe1 Rc8 19. fxe6 dxe6 20. Bf2 Qa5 21. b3 Nc3+
22. Nxc3 bxc3 23. a4 Qc5 24. Qe3 Qa3 25. Qc1 Qb4 26. Nxe6 fxe6 27. Bg6+ Nf7 28.
Rd4 Qa5 29. Rhd1 Bc6 30. Rf4 O-O 31. Bxh4 Qc5 32. Bxe7 Qxe7 33. Re1 Qg5 34. Bd3
a5 35. h4 Qe7 36. g3 Nh6 37. Ref1 Rxf4 38. Rxf4 Bd5 39. Ka2 Nf7 40. Qe3 Qc5 41.
Qe2 Nh6 42. Qh5 Rf8 43. Qg6 Rxf4 44. gxf4 Kf8 45. Qg3 Qd4 0-1

[Event "24th ch-EUR Indiv w 2024"]
[Site "Rhodes GRE"]
[Date "2024.04.29"]
[Round "10.6"]
[White "Balajayeva, Khanim"]
[Black "Toncheva, Nadya"]
[Result "0-1"]
[WhiteTitle "IM"]
[BlackTitle "FM"]
[WhiteElo "2371"]
[BlackElo "2258"]
[WhiteFideId "13406396"]
[BlackFideId "2924056"]
[EventDate "2024.04.19"]

1. e4 c5 2. Nf3 e6 3. d4 cxd4 4. Nxd4 Nc6 5. Nc3 Qc7 6. Be3 a6 7. Qf3 Bd6 8.
Nxc6 bxc6 9. O-O-O Be5 10. Bd4 Bxd4 11. Rxd4 d5 12. Bd3 Nf6 13. exd5 cxd5 14.
Re1 Bb7 15. g4 Qc5 16. Qe3 Rc8 17. g5 Nd7 18. Rh4 Qxe3+ 19. Rxe3 Ke7 20. Reh3
Ne5 21. Kd1 h6 22. gxh6 Rxh6 23. Rxh6 gxh6 24. Rh5 Kd6 25. h3 d4 26. Ne4+ Bxe4
27. Bxe4 f5 28. Bb7 Rb8 29. Bxa6 Rb6 30. Be2 Rxb2 31. Rxh6 Rxa2 32. f4 Ra1+ 33.
Kd2 Nd7 34. Rh8 Rh1 35. h4 Rh2 36. h5 Nf6 37. h6 Kd5 38. Rd8+ Ke4 39. Rd6 Kxf4
40. Rxd4+ Ne4+ 41. Kd3 Rxh6 42. Kc4 e5 43. Rd8 Rc6+ 44. Kb3 Ke3 45. Bb5 Rc3+ 46.
Kb2 Rc5 47. Bd3 f4 48. Kb3 Rc7 49. Kb4 Nf2 50. Bg6 e4 51. c4 Nd3+ 52. Kb3 f3 53.
Rf8 Nf4 0-1

[Event "24th ch-EUR Indiv w 2024"]
[Site "Rhodes GRE"]
[Date "2024.04.29"]
[Round "10.7"]
[White "Mkrtchian, Lilit"]
[Black "Wikar, Martyna"]
[Result "1-0"]
[WhiteTitle "IM"]
[BlackTitle "WIM"]
[WhiteElo "2366"]
[BlackElo "2214"]
[WhiteFideId "13300601"]
[BlackFideId "21807663"]
[EventDate "2024.04.19"]

1. d4 Nf6 2. Nf3 g6 3. Nbd2 c5 4. dxc5 Qa5 5. a3 Qxc5 6. b4 Qc7 7. Bb2 Bg7 8. c4
O-O 9. e3 b6 10. Be2 Bb7 11. O-O d6 12. Qb3 Nbd7 13. Rac1 Rac8 14. Rfd1 h6 15.
Nd4 Qb8 16. Nb1 Ne5 17. Nc3 Qa8 18. Bf1 h5 19. Nc2 h4 20. h3 Ned7 21. Nd4 Rfd8
22. Nde2 g5 23. Nd4 Bf8 24. Nf5 g4 25. Nd5 Nxd5 26. cxd5 Rxc1 27. Bxc1 Nf6 28.
e4 Nxe4 29. hxg4 Bxd5 30. Rxd5 e6 31. Rd1 exf5 32. gxf5 d5 33. Qh3 Bg7 34. Qxh4
Rd6 35. Bf4 Qd8 36. Qg4 Rc6 37. Be5 Nf6 38. Qg5 Kf8 39. Rd3 Qe7 40. Rg3 Qxe5 41.
Qxg7+ Ke7 42. Re3 Qxe3 43. fxe3 Rc3 44. Qg3 Nd7 45. Bb5 1-0

[Event "24th ch-EUR Indiv w 2024"]
[Site "Rhodes GRE"]
[Date "2024.04.29"]
[Round "10.8"]
[White "Ibrahimova, Sabina"]
[Black "Beydullayeva, Govhar"]
[Result "0-1"]
[WhiteTitle "WIM"]
[BlackTitle "WGM"]
[WhiteElo "2175"]
[BlackElo "2402"]
[WhiteFideId "13403893"]
[BlackFideId "13413015"]
[EventDate "2024.04.19"]

1. c4 Nf6 2. Nc3 e5 3. Nf3 Nc6 4. e4 Bb4 5. d3 d6 6. a3 Bc5 7. b4 Bb6 8. Na4 Bd4
9. Rb1 Bg4 10. Be2 Bxf3 11. Bxf3 a6 12. O-O b5 13. Nb2 O-O 14. Qe1 Rb8 15. Kh1
Na7 16. Nd1 Nd7 17. Ne3 Nc6 18. Bd1 Ba7 19. cxb5 axb5 20. f4 exf4 21. Nf5 Nd4
22. Rxf4 Ne5 23. Qg3 Nxf5 24. Rxf5 Bd4 25. Bb3 Kh8 26. Bd2 Ra8 27. Rh5 Rxa3 28.
Qh3 Ng6 29. Rxh7+ Kg8 30. Rh5 Qa8 31. Rf5 Rxb3 32. Rbf1 Qc8 33. Qg3 Qe6 0-1

[Event "24th ch-EUR Indiv w 2024"]
[Site "Rhodes GRE"]
[Date "2024.04.29"]
[Round "10.9"]
[White "Osmak, Yuliia"]
[Black "Peycheva, Gergana"]
[Result "1-0"]
[WhiteTitle "IM"]
[BlackTitle "FM"]
[WhiteElo "2459"]
[BlackElo "2295"]
[WhiteFideId "14101602"]
[BlackFideId "2916711"]
[EventDate "2024.04.19"]

1. c4 e6 2. Nc3 d5 3. d4 Nf6 4. cxd5 exd5 5. Bg5 Be7 6. e3 Bg4 7. Nge2 Nbd7 8.
Qc2 O-O 9. h3 Be6 10. Nf4 Nb6 11. Bd3 h6 12. Bh4 Bc8 13. Bg3 c6 14. O-O Re8 15.
Rad1 Bd6 16. Rfe1 Qc7 17. Rc1 Bd7 18. Qd1 Qd8 19. Nfxd5 cxd5 20. Bxd6 Bxh3 21.
Nb5 Bg4 22. f3 Be6 23. Bc7 Qe7 24. Bxb6 axb6 25. Nc7 Rxa2 26. Nxe8 Qxe8 27. Qb3
Qa8 28. Qxb6 h5 29. Rc7 Ra1 30. Rc8+ Qxc8 31. Rxa1 g6 32. Qd6 Ne8 33. Qe7 Ng7
34. Qg5 Kh7 35. e4 dxe4 36. fxe4 Bg4 37. Rf1 Kg8 38. Qe7 1-0

[Event "24th ch-EUR Indiv w 2024"]
[Site "Rhodes GRE"]
[Date "2024.04.29"]
[Round "10.10"]
[White "Kubicka, Anna"]
[Black "Maltsevskaya, Aleksandra"]
[Result "1-0"]
[WhiteTitle "WIM"]
[BlackTitle "IM"]
[WhiteElo "2292"]
[BlackElo "2393"]
[WhiteFideId "1152254"]
[BlackFideId "24174041"]
[EventDate "2024.04.19"]

1. e4 c5 2. Nf3 Nc6 3. Bb5 g6 4. Bxc6 bxc6 5. O-O Bg7 6. Re1 Nf6 7. e5 Nd5 8. c4
Nb4 9. d4 cxd4 10. a3 Na6 11. Qxd4 d6 12. Bh6 Bxh6 13. exd6 Rg8 14. Rxe7+ Kf8
15. Qf6 Be6 16. Nd4 Bxc4 17. Rxf7+ Bxf7 18. Ne6+ Ke8 19. Nxd8 1-0

[Event "24th ch-EUR Indiv w 2024"]
[Site "Rhodes GRE"]
[Date "2024.04.29"]
[Round "10.11"]
[White "Velikic, Adela"]
[Black "Daulyte-Cornette, Deimante"]
[Result "1-0"]
[WhiteTitle "WIM"]
[BlackTitle "IM"]
[WhiteElo "2258"]
[BlackElo "2381"]
[WhiteFideId "913553"]
[BlackFideId "12802859"]
[EventDate "2024.04.19"]

1. c4 e6 2. Nc3 d5 3. d4 Nf6 4. cxd5 exd5 5. Bg5 c6 6. e3 h6 7. Bh4 Be7 8. Bd3
O-O 9. Nge2 Ne8 10. Bg3 Nd6 11. Qc2 Re8 12. O-O Bf8 13. h3 a5 14. Rfe1 Na6 15.
a3 Nc7 16. Rad1 b5 17. Nb1 Bd7 18. Nd2 Rc8 19. Nc3 Ne6 20. Nf3 Ng5 21. Ne5 Nge4
22. Bh2 Nxc3 23. Qxc3 b4 24. Qc2 bxa3 25. bxa3 Re6 26. Nxd7 Qxd7 27. Bxd6 Bxd6
28. Bh7+ Kh8 29. Bf5 Bxa3 30. Qa4 Bb4 31. Re2 Rce8 32. Rc2 Qc7 33. Bxe6 Rxe6 34.
Rdc1 c5 35. dxc5 Rg6 36. Qe8+ Kh7 37. Rd1 Bxc5 38. Qb5 Qe5 39. Qxc5 Qe4 40. g3
a4 41. Rcd2 1-0

[Event "24th ch-EUR Indiv w 2024"]
[Site "Rhodes GRE"]
[Date "2024.04.29"]
[Round "10.12"]
[White "Kulon, Klaudia"]
[Black "Hrebenshchykova, Yelyzaveta"]
[Result "1-0"]
[WhiteTitle "IM"]
[BlackTitle "WIM"]
[WhiteElo "2348"]
[BlackElo "2289"]
[WhiteFideId "1131044"]
[BlackFideId "14159899"]
[EventDate "2024.04.19"]

1. e4 c5 2. Nf3 Nc6 3. d4 cxd4 4. Nxd4 e6 5. Nc3 Qc7 6. Be3 a6 7. Qf3 Ne5 8. Qg3
Nf6 9. O-O-O b5 10. f4 Neg4 11. Bd2 b4 12. Na4 h5 13. Bd3 Bb7 14. h3 Qa5 15. b3
Bc5 16. Nxe6 dxe6 17. hxg4 Nxe4 18. Bxe4 Bxe4 19. Rhe1 h4 20. Qh3 Bd5 21. c4
bxc3 22. Bxc3 Bb4 23. Rxd5 Ba3+ 24. Kb1 Qxd5 25. Nb6 Qc6 26. Nxa8 O-O 27. Nb6
Qxb6 28. Qxh4 Qd6 29. Qh3 Rd8 30. Rh1 Qd3+ 31. Qxd3 Rxd3 32. Rh3 Rd1+ 33. Kc2
Rg1 34. Rg3 Bd6 35. Be5 Bxe5 36. fxe5 Re1 37. b4 Rxe5 38. Kb3 Rg5 39. a4 Kf8 40.
b5 axb5 41. a5 Rd5 42. Kb4 Ke7 43. a6 Rd4+ 44. Ka5 Kd7 45. Kb6 Ra4 46. Rd3+ Kc8
47. Rc3+ Kd7 48. Rd3+ Kc8 49. a7 b4 50. Rd4 e5 51. Rd5 b3 52. Rxe5 b2 53. Rc5+
Kd7 54. Rb5 Ra2 55. Kb7 1-0

[Event "24th ch-EUR Indiv w 2024"]
[Site "Rhodes GRE"]
[Date "2024.04.29"]
[Round "10.13"]
[White "Sliwicka, Alicja"]
[Black "Sieber, Fiona"]
[Result "1-0"]
[WhiteTitle "WIM"]
[BlackTitle "WGM"]
[WhiteElo "2315"]
[BlackElo "2222"]
[WhiteFideId "1150677"]
[BlackFideId "12902373"]
[EventDate "2024.04.19"]

1. e4 e5 2. Nf3 Nc6 3. Bc4 Nf6 4. d3 h6 5. O-O d6 6. c3 g6 7. d4 Qe7 8. Re1 Bg7
9. Nbd2 O-O 10. Nf1 exd4 11. Nxd4 Ne5 12. Bb3 Bd7 13. f4 Nc6 14. Ng3 Rae8 15.
Nf3 Kh7 16. h3 Na5 17. Bc2 c5 18. b3 Bc6 19. Qd3 b5 20. Bd2 c4 21. Qf1 Ba8 22.
b4 Nc6 23. a4 a6 24. Rad1 Qc7 25. a5 Re7 26. Re2 Nd7 27. Qe1 Rd8 28. Be3 Qb8 29.
Nd4 Nf8 30. Qf2 Nxd4 31. Bxd4 Bxd4 32. cxd4 Rde8 33. f5 Qc7 34. h4 h5 35. Qf3
Qd8 36. Re3 Kh8 37. Rf1 Nh7 38. Qf4 Rd7 39. Rfe1 Bc6 40. R1e2 Kg7 41. Rf2 Nf6
42. Qg5 Nh7 43. Nxh5+ Kh8 44. Qxd8 Rdxd8 45. fxg6 fxg6 46. Nf4 Kg7 47. d5 Bd7
48. e5 Rxe5 49. Rxe5 dxe5 50. Nxg6 Be8 51. Nxe5 Rxd5 52. Ng4 Rd4 53. Ne3 Bg6 54.
g3 Nf6 55. Re2 Ne4 56. h5 Bh7 57. g4 c3 58. Rg2 Kh6 59. g5+ Nxg5 60. Bxh7 Nh3+
61. Kh2 Kxh7 62. Kxh3 Rxb4 63. Rg6 Rd4 64. Ng4 Kh8 65. Nf6 Rd8 66. h6 Rf8 67. h7
Rxf6 68. Rxf6 b4 69. Rc6 Kxh7 70. Rc4 1-0

[Event "24th ch-EUR Indiv w 2024"]
[Site "Rhodes GRE"]
[Date "2024.04.29"]
[Round "10.14"]
[White "Krasteva, Beloslava"]
[Black "Benmesbah, Natacha"]
[Result "1-0"]
[WhiteTitle "FM"]
[BlackTitle "WIM"]
[WhiteElo "2220"]
[BlackElo "2306"]
[WhiteFideId "2922029"]
[BlackFideId "642002"]
[EventDate "2024.04.19"]

1. d4 Nf6 2. c4 g6 3. Nc3 Bg7 4. e4 d6 5. Bd3 O-O 6. Nge2 c5 7. d5 e6 8. O-O
exd5 9. cxd5 Nbd7 10. Ng3 h5 11. h3 Re8 12. Bg5 a6 13. a4 Qb6 14. Qd2 Ne5 15.
Be2 Qb4 16. f4 Nc4 17. Bxc4 Qxc4 18. f5 Qd4+ 19. Qxd4 cxd4 20. fxg6 fxg6 21.
Bxf6 dxc3 22. bxc3 h4 23. Bxh4 Bxc3 24. Rac1 Bd4+ 25. Kh2 b5 26. Bf6 Bc5 27. e5
Bb7 28. Ne4 Bxd5 29. Nxd6 Bd4 30. Nxe8 Rxe8 31. axb5 axb5 32. Rfd1 Be3 33. Rc3
Bf4+ 34. g3 Bxe5 35. Re3 Bxf6 36. Rxe8+ Kf7 37. Rb8 Bc4 38. Rb7+ Ke6 39. Rb6+
Ke7 40. Rdd6 1-0

[Event "24th ch-EUR Indiv w 2024"]
[Site "Rhodes GRE"]
[Date "2024.04.29"]
[Round "10.15"]
[White "Efroimski, Marsel"]
[Black "Houska, Jovanka"]
[Result "0-1"]
[WhiteTitle "IM"]
[BlackTitle "IM"]
[WhiteElo "2457"]
[BlackElo "2340"]
[WhiteFideId "2810964"]
[BlackFideId "405094"]
[EventDate "2024.04.19"]

1. Nf3 d5 2. g3 c6 3. Bg2 Bg4 4. c4 e6 5. h3 Bh5 6. d4 Nd7 7. Nc3 Ngf6 8. cxd5
Bxf3 9. Bxf3 exd5 10. O-O Bd6 11. Rb1 a5 12. a3 Qe7 13. Re1 Ne4 14. Bxe4 dxe4
15. Qc2 Nf6 16. Bg5 e3 17. Qf5 exf2+ 18. Kxf2 Qe6 19. e4 Be7 20. d5 Qd7 21. Rbd1
O-O-O 22. Qxd7+ Rxd7 23. Na4 Bd8 24. Bxf6 gxf6 25. dxc6 bxc6 26. Rxd7 Kxd7 27.
Rd1+ Kc7 28. Nc5 Kb6 29. Nb3 a4 30. Nc1 Bc7 31. Rd4 Ra8 32. Nd3 c5 33. Rd7 c4
34. Nb4 Be5 35. Nd5+ Kc6 36. Rxf7 Rb8 37. Nb4+ Kb5 38. Rxh7 Bxb2 39. Nc2 Be5 40.
Rd7 c3 41. Ra7 Rd8 42. Kf3 Rd3+ 43. Kg4 Rxg3+ 44. Kf5 Rg2 45. Nb4 c2 46. Rb7+
Kc4 47. Nxc2 Rxc2 48. Rb4+ Kd3 49. Rxa4 Rh2 50. Rb4 Rxh3 51. a4 Rh5+ 52. Kg6
Rg5+ 53. Kf7 Bc3 54. Rb3 Rc5 55. Ke6 Kxe4 56. a5 Bd4 57. Ra3 Rc7 58. a6 f5 59.
Ra4 f4 60. Kd6 Ra7 0-1

[Event "24th ch-EUR Indiv w 2024"]
[Site "Rhodes GRE"]
[Date "2024.04.29"]
[Round "10.16"]
[White "Socko, Monika"]
[Black "Antolak, Julia"]
[Result "1/2-1/2"]
[WhiteTitle "GM"]
[BlackTitle "WGM"]
[WhiteElo "2428"]
[BlackElo "2309"]
[WhiteFideId "1106619"]
[BlackFideId "1159569"]
[EventDate "2024.04.19"]

1. e4 c5 2. Nf3 d6 3. d4 cxd4 4. Qxd4 Nc6 5. Bb5 Bd7 6. Qd3 Nf6 7. Bg5 e6 8. Nc3
a6 9. Bxc6 Bxc6 10. O-O-O Be7 11. Nd4 Rc8 12. Kb1 O-O 13. f4 h6 14. h4 Ng4 15.
Qg3 h5 16. e5 d5 17. f5 Bxg5 18. hxg5 Qxg5 19. fxe6 Rce8 20. exf7+ Rxf7 21. e6
Rf6 22. Nce2 Qh6 23. Rdf1 Bb5 24. Nxb5 axb5 25. Nd4 Qg6 26. Re1 Rf2 27. Qd6 Nf6
28. Qc5 Rd2 29. Rhf1 Qxg2 30. e7 Qg4 31. Nf3 Rg2 32. Qxb5 Qc4 33. Qxc4 dxc4 34.
Nh4 Rd2 35. Kc1 Rd7 36. Ng6 b5 37. Re5 Kf7 38. Rg5 Rd4 39. Ne5+ Ke6 40. Nc6 Rd6
41. Re1+ Kf7 42. Nd8+ Kg8 43. Rxb5 Rd7 44. Nc6 Rc7 45. Rc5 Rec8 46. Re6 h4 47.
Rxf6 gxf6 48. Nd8 Rxe7 49. Rxc8 h3 50. Ne6+ Kf7 51. Rh8 Kxe6 52. Rxh3 Kf5 53.
Kd2 Kg4 54. Re3 Rd7+ 55. Kc3 f5 56. Kxc4 f4 57. Re8 Rf7 58. b4 f3 59. Re1 Rf4+
60. Kc5 f2 61. Rf1 Kf3 62. b5 Ke2 63. Rxf2+ Rxf2 64. a4 Ke3 65. c3 Kd3 66. b6
Kxc3 67. b7 Rb2 68. Kc6 Rxb7 1/2-1/2

[Event "24th ch-EUR Indiv w 2024"]
[Site "Rhodes GRE"]
[Date "2024.04.29"]
[Round "10.17"]
[White "Savina, Anastasia"]
[Black "Narva, Mai"]
[Result "0-1"]
[WhiteTitle "IM"]
[BlackTitle "IM"]
[WhiteElo "2330"]
[BlackElo "2401"]
[WhiteFideId "4196872"]
[BlackFideId "4500512"]
[EventDate "2024.04.19"]

1. d4 Nf6 2. c4 e6 3. Nf3 c5 4. d5 d6 5. Nc3 exd5 6. cxd5 g6 7. Nd2 Bg7 8. e4
O-O 9. Be2 Na6 10. O-O Nc7 11. a4 Re8 12. f3 b6 13. Kh1 Rb8 14. Bb5 Rf8 15. Bc6
a6 16. a5 bxa5 17. Nc4 Nb5 18. Bg5 h6 19. Bh4 g5 20. Bf2 a4 21. Qxa4 Nd4 22.
Bxd4 cxd4 23. Ne2 Nd7 24. Qa3 Nc5 25. b4 d3 26. Ng3 Bxa1 27. bxc5 Bh8 28. cxd6
a5 29. Qxd3 Ba6 30. Nf5 Rb4 31. Ne7+ Kg7 32. Rc1 Qb8 33. h4 Rd8 34. e5 Bxc4 35.
Qf5 Bd3 36. Qf6+ Kh7 37. Qxf7+ Bg7 38. Nf5 Bxf5 39. Qxf5+ Kh8 40. g3 gxh4 41. f4
hxg3 42. d7 Qb6 43. d6 Qf2 44. Bg2 Rxf4 45. Qh3 Qe3 46. Rd1 Qxe5 0-1

[Event "24th ch-EUR Indiv w 2024"]
[Site "Rhodes GRE"]
[Date "2024.04.29"]
[Round "10.18"]
[White "Danielian, Elina"]
[Black "Heinemann, Josefine"]
[Result "1-0"]
[WhiteTitle "GM"]
[BlackTitle "WGM"]
[WhiteElo "2397"]
[BlackElo "2303"]
[WhiteFideId "13300210"]
[BlackFideId "12900460"]
[EventDate "2024.04.19"]

1. Nf3 d5 2. g3 Nf6 3. Bg2 c5 4. O-O Nc6 5. d4 e6 6. c4 dxc4 7. Qa4 Bd7 8. Qxc4
b5 9. Qd3 c4 10. Qc2 Rc8 11. Nc3 Be7 12. a3 Na5 13. Bg5 O-O 14. e4 h6 15. Bf4
Nb3 16. Rad1 Qb6 17. Ne5 Be8 18. Be3 Qc7 19. f4 a5 20. a4 bxa4 21. f5 Rd8 22.
Kh1 Bc5 23. dxc5 Rxd1 24. Qxd1 Qxe5 25. Bf4 Qxc5 26. Bd6 Qb6 27. fxe6 Bc6 28.
Bxf8 Kxf8 29. Qd6+ Kg8 30. Nd5 Qb7 31. exf7+ Kxf7 32. Nxf6 1-0

[Event "24th ch-EUR Indiv w 2024"]
[Site "Rhodes GRE"]
[Date "2024.04.29"]
[Round "10.19"]
[White "Lach, Aleksandra"]
[Black "Milliet, Sophie"]
[Result "1/2-1/2"]
[WhiteTitle "WIM"]
[BlackTitle "IM"]
[WhiteElo "2292"]
[BlackElo "2392"]
[WhiteFideId "1134299"]
[BlackFideId "623725"]
[EventDate "2024.04.19"]

1. e4 c5 2. Nc3 Nc6 3. Bb5 Nd4 4. Nf3 a6 5. Bd3 Nc6 6. O-O e6 7. b3 d6 8. Bb2
Nf6 9. Ne2 Nb4 10. Ne1 Nxd3 11. cxd3 Be7 12. f4 O-O 13. Ng3 Bd7 14. Nc2 Bb5 15.
Rf3 Bc6 16. Qe2 Re8 17. Rf2 Rc8 18. Raf1 b5 19. e5 Nd7 20. exd6 Bxd6 21. Ne3 f5
22. Nc2 Nf6 23. h3 Rc7 24. Ne1 Nd5 25. Be5 g6 26. Nc2 Rc8 27. Re1 Be7 28. Nf1
Bh4 29. g3 Be7 30. Ba1 Bf6 31. Be5 Bxe5 32. Qxe5 Nf6 33. Re3 Ba8 34. Nh2 c4 35.
dxc4 bxc4 36. bxc4 Ne4 37. d3 Nxf2 38. Kxf2 Qb6 39. Nd4 Rc5 40. Qf6 Ra5 41. Re2
Ra3 42. Rd2 Qa5 43. Nhf3 Rxa2 44. Rxa2 Qxa2+ 45. Ke3 Qg2 46. Ng5 Qb7 47. Ngxe6
Qf7 48. Qe5 Bb7 49. Kd2 Bc8 50. Ng5 Qd7 51. Qf6 Rf8 52. Qb6 a5 53. Ngf3 Rd8 54.
Qxa5 Bb7 55. Qc3 Ra8 56. Ne5 Ra2+ 57. Ke3 Qa4 58. c5 Bd5 59. c6 Qd1 60. Nef3
Bxf3 61. Qc4+ Kg7 62. Qxa2 Bxc6 63. Nxc6 Qc1+ 64. Kf2 Qxc6 65. Qc4 Qh1 66. Qc7+
Kh6 67. Qd8 Qh2+ 68. Kf3 Qh1+ 69. Kf2 Qh2+ 70. Kf3 Qh1+ 71. Kf2 1/2-1/2

[Event "24th ch-EUR Indiv w 2024"]
[Site "Rhodes GRE"]
[Date "2024.04.29"]
[Round "10.20"]
[White "Terbe, Julianna"]
[Black "Kiolbasa, Oliwia"]
[Result "1-0"]
[WhiteTitle "WIM"]
[BlackTitle "IM"]
[WhiteElo "2274"]
[BlackElo "2386"]
[WhiteFideId "708780"]
[BlackFideId "1154613"]
[EventDate "2024.04.19"]

1. d4 Nf6 2. Nf3 e6 3. Bf4 c5 4. e3 Nc6 5. c3 h6 6. h3 d5 7. Nbd2 Bd6 8. Bxd6
Qxd6 9. Bb5 cxd4 10. exd4 Nd7 11. O-O a6 12. Bd3 O-O 13. a4 Re8 14. Re1 Nf8 15.
Qe2 f6 16. Rad1 Bd7 17. Nh4 Ne7 18. Qh5 Bxa4 19. b3 Bd7 20. Re3 Rec8 21. c4 Be8
22. Qe2 Nc6 23. cxd5 Nxd4 24. Qg4 e5 25. Nf5 Nxf5 26. Bxf5 Bd7 27. Nc4 Bxf5 28.
Qxf5 Qd8 29. Rg3 b5 30. Ne3 Ra7 31. Qh5 Kh8 32. Qg4 g6 33. Qe4 Qd6 34. Rxg6 Nxg6
35. Qxg6 Rg8 36. Qe4 Rag7 37. g3 Qd7 38. Kh2 h5 39. h4 Rg6 40. Qf3 Qh7 41. d6
Rd8 42. Nf5 Rgg8 43. Ne7 Rgf8 44. Nc6 e4 45. Qf4 Rd7 46. Rd4 f5 47. Ne5 Rdd8 48.
Qg5 Qg7 49. Ng6+ Kg8 50. Nxf8 Qxg5 51. hxg5 Kxf8 52. Kh3 Kf7 53. Kh4 Ke6 54. d7
a5 55. Kxh5 Ke5 56. Rd2 a4 57. bxa4 bxa4 58. Kg6 Ke6 59. Ra2 Rxd7 60. Rxa4 Rd2
61. g4 Rxf2 62. gxf5+ Ke5 63. f6 e3 64. Ra8 e2 65. Re8+ Kf4 66. f7 Kg4 67. Re4+
Kg3 68. Rxe2 1-0

[Event "24th ch-EUR Indiv w 2024"]
[Site "Rhodes GRE"]
[Date "2024.04.29"]
[Round "10.21"]
[White "Yao, Lan"]
[Black "Lehaci, Miruna-Daria"]
[Result "0-1"]
[WhiteTitle "WGM"]
[BlackTitle "WIM"]
[WhiteElo "2370"]
[BlackElo "2242"]
[WhiteFideId "8610835"]
[BlackFideId "1234765"]
[EventDate "2024.04.19"]

1. e4 e5 2. Nf3 Nc6 3. Bb5 a6 4. Ba4 Nge7 5. c3 Ng6 6. d4 exd4 7. cxd4 Bb4+ 8.
Nc3 d5 9. O-O dxe4 10. Nxe4 O-O 11. a3 Be7 12. d5 Nce5 13. Nxe5 Nxe5 14. Bb3 Bd6
15. Bg5 Qd7 16. Nxd6 cxd6 17. f4 Ng4 18. f5 f6 19. Qxg4 fxg5 20. Bc2 Qd8 21.
Rae1 Bd7 22. Qb4 Qf6 23. Kh1 b5 24. Bb1 Rae8 25. Rxe8 Rxe8 26. Qa5 Qxb2 27. Qxa6
Qf2 28. Bd3 Re1 29. Bxb5 Bxb5 30. Qc8+ Be8 0-1

[Event "24th ch-EUR Indiv w 2024"]
[Site "Rhodes GRE"]
[Date "2024.04.29"]
[Round "10.22"]
[White "Manakova, Maria"]
[Black "Gaal, Zsoka"]
[Result "*"]
[WhiteTitle "WGM"]
[BlackTitle "WIM"]
[WhiteElo "2148"]
[BlackElo "2356"]
[WhiteFideId "927007"]
[BlackFideId "777765"]
[EventDate "2024.04.19"]

1. e4 c6 2. d4 d5 3. f3 g6 4. Nc3 Bg7 5. e5 f6 6. f4 Nh6 7. Nf3 Bg4 8. Be2 Nf5
9. h3 Bxf3 10. Bxf3 fxe5 11. fxe5 e6 12. Ne2 Qh4+ 13. Kf1 c5 14. Bf4 O-O 15. Qd2
cxd4 16. Bg5 Bh6 17. Bxh6 Nxh6 18. Nxd4 Nc6 19. Nxe6 Rf5 20. Nc7 Raf8 21. Qxd5+
Kh8 22. Re1 Ng4 23. hxg4 Qxh1+ 24. Ke2 Qxe1+ 25. Kxe1 Rxe5+ 26. Be2 Rxd5 27.
Nxd5 Kg7 28. c4 Kh6 29. g3 Nd4 30. Bd1 Nf3+ 31. Ke2 Ne5 32. Ne3 Kg5 33. Kd2 Rd8+
34. Kc2 Rd3 35. Nf1 Rd4 36. Nd2 Kf6 37. Be2 Nc6 38. Kc3 Rd8 39. Bf3 Re8 40. Ne4+
Ke5 41. Nc5 Kd6 42. Ne4+ Kc7 43. g5 Re5 44. g4 Nd8 45. b4 Ne6 46. Bg2 Nxg5 47.
Kd4 Nf7 48. Nf6 Re2 49. Bd5 Ne5 50. b5 Nd7 51. Nxh7 Rd2+ 52. Kc3 Rxa2 53. Be4
Ne5 54. Kd4 Nxg4 55. Bxg6 Rd2+ 56. Kc3 Rg2 57. Be4 Rg3+ 58. Kd4 Rg1 59. Nf8 Rd1+
60. Kc3 Ne5 61. c5 Kc8 62. Ne6 Kd7 63. Nd4 Rc1+ 64. Nc2 Kc7 65. Kd4 Nf3+ 66. Kc3
Ng5 67. Bd5 Nh7 68. Kd2 Rb1 69. Nd4 Nf6 70. Bf3 Nd7 71. c6 Ne5 72. Ne6+ Kd6 73.
c7 Nxf3+ 74. Kc2 Kd7 75. Kxb1 Nd2+ 76. Kc2 Nc4 77. Kb3 Nb6 78. Nc5+ Kxc7 79. Kb4
Nd7 80. Ne4 Ne5 81. Kc5 Nd3+ 82. Kc4 Ne5+ 83. Kc5 Nd7+ 84. Kb4 Kb6 85. Nc3 Nf6
86. Na4+ Kc7 87. Nc5 Nd5+ 88. Kc4 Ne3+ 89. Kb4 b6 90. Ne4 Kd7 91. Nc3 Kd6 92.
Ne4+ Ke5 93. Nd2 Kd4 94. Nf3+ Ke4 95. Ng5+ Kd5 96. Nf7 Nc2+ 97. Kc3 Nd4 98. Kb4
Nf5 99. Ng5 Ne7 100. Nf7 *

[Event "24th ch-EUR Indiv w 2024"]
[Site "Rhodes GRE"]
[Date "2024.04.29"]
[Round "10.23"]
[White "Kirtadze, Anastasia"]
[Black "Brunello, Marina"]
[Result "0-1"]
[WhiteTitle "WFM"]
[BlackTitle "IM"]
[WhiteElo "2044"]
[BlackElo "2353"]
[WhiteFideId "13622714"]
[BlackFideId "822590"]
[EventDate "2024.04.19"]

1. e4 c6 2. d4 d5 3. Nc3 dxe4 4. Nxe4 Nf6 5. Nxf6+ exf6 6. c3 Bd6 7. Bd3 O-O 8.
Qc2 Re8+ 9. Ne2 h5 10. Be3 Nd7 11. O-O-O Nf8 12. c4 Be6 13. a3 Rc8 14. Nc3 a6
15. c5 Bc7 16. Be2 f5 17. g3 h4 18. Bf3 Qf6 19. d5 cxd5 20. Nxd5 Bxd5 21. Bxd5
Rb8 22. gxh4 f4 23. Bd4 Be5 24. Qc3 Nd7 25. Kb1 Qxh4 26. Rhe1 Qf6 27. Re4 Bxd4
28. Rxe8+ Rxe8 29. Rxd4 Rc8 30. Bxb7 Rxc5 31. Qd3 Nf8 32. Bxa6 Rh5 33. Bc4 Rxh2
34. Qd2 g5 35. a4 Kg7 36. a5 Ne6 37. Rd7 Qf5+ 38. Ka2 Qe4 39. Bxe6 Qa4+ 40. Kb1
Rh1+ 41. Qc1 Qe4+ 0-1

[Event "24th ch-EUR Indiv w 2024"]
[Site "Rhodes GRE"]
[Date "2024.04.29"]
[Round "10.24"]
[White "Sandu, Mihaela"]
[Black "Zawadzka, Jolanta"]
[Result "0-1"]
[WhiteTitle "WGM"]
[BlackTitle "WGM"]
[WhiteElo "2253"]
[BlackElo "2351"]
[WhiteFideId "1204327"]
[BlackFideId "1122320"]
[EventDate "2024.04.19"]

1. e4 e5 2. Nf3 Nc6 3. Bb5 a6 4. Ba4 Bc5 5. c3 Nge7 6. O-O Ng6 7. d4 Ba7 8. Bg5
f6 9. Be3 O-O 10. d5 Nce7 11. d6 cxd6 12. Bxa7 Rxa7 13. Qxd6 b5 14. Bb3+ Kh8 15.
c4 bxc4 16. Bxc4 Rc7 17. Bb3 Bb7 18. Nc3 Rc6 19. Qd2 f5 20. Ng5 d5 21. exd5 Nf4
22. dxc6 Qxd2 23. Nf7+ Rxf7 24. Rad1 Nh3+ 25. Kh1 Nxf2+ 26. Rxf2 Qxf2 27. Bxf7
Nxc6 0-1